La deuda externa de América Latina. El automatismo de la deuda
Guardado en:
| Hovedforfatter: | |
|---|---|
| Format: | Texto |
| Udgivet: |
San José:
DEI
|
| Tags: |
Tilføj Tag
Ingen Tags, Vær først til at tagge denne postø!
|
MARC
| LEADER | 00000 a a2200000 04500 | ||
|---|---|---|---|
| 001 | 16254 | ||
| 003 | |||
| 040 | |||
| 020 | |a 9977-904-67-7 | ||
| 022 | |a 9977-904-67-7 | ||
| 090 | |a 030000 | ||
| 100 | |a Hinkelammert, Franz J. | ||
| 245 | |a La deuda externa de América Latina. El automatismo de la deuda | ||
| 260 | |a San José: |b DEI | ||
| 300 | |a 110 p. | ||
| 999 | |c 2206 |d 2206 | ||



